La Filosofía Italiana Actual
Guardat en:
| Autor principal: | |
|---|---|
| Format: | Llibre |
| Idioma: | espanyol |
| Publicat: |
Buenos Aires
Losada
1940
|
| Col·lecció: | Biblioteca Filosófica
|
| Matèries: | |
| Etiquetes: |
Afegir etiqueta
Sense etiquetes, Sigues el primer a etiquetar aquest registre!
|
MARC
| LEADER | 00000nam a2200000 a 4500 | ||
|---|---|---|---|
| 001 | UCH5291 | ||
| 003 | CL-VaPUC | ||
| 008 | 091014e19400000AG |||||||||||||||||spa|d | ||
| 082 | 0 | 4 | |a 195 |b MIC |2 21 |
| 100 | |a Miceli, Riccardo |e autor |9 541576 | ||
| 245 | 1 | 3 | |a La Filosofía Italiana Actual |
| 300 | |a 338 p | ||
| 942 | |c BK | ||
| 945 | |d 20091014 00:00:00 |a ccalabra | ||
| 260 | |a Buenos Aires |b Losada |c 1940 | ||
| 650 | 0 | |a Filosofía |9 223554 | |
| 650 | 0 | |a Filosofía contemporánea |9 265372 | |
| 650 | 7 | |a TEORIAS FILOSOFICAS |2 CL-VaPUC |9 468252 | |
| 650 | 7 | |a FILOSOFOS ITALIANOS |2 CL-VaPUC |9 347766 | |
| 650 | 0 | |a Educación |9 258661 | |
| 650 | 0 | |a Metafísica |9 265649 | |
| 651 | 0 | |a Italia |9 254949 | |
| 583 | |a last modification |c 20091014 00:00:00 |k Rodrigo Vera | ||
| 490 | 0 | |a Biblioteca Filosófica | |
| 999 | |c 336458 |d 336456 | ||